Študijný program Podnikovohospodárskej fakulty v Košiciach Ekonomická univerzita v Bratislave
Salvato in:
| Ente Autore: | |
|---|---|
| Altri autori: | , |
| Natura: | Libro |
| Lingua: | slovacco |
| Pubblicazione: |
Bratislava
Ekonóm
2004
|
| Soggetti: | |
| Tags: |
Nessun Tag, puoi essere il primo ad aggiungerne!!
|
MARC
| LEADER | 00000nam a2200000 4500 | ||
|---|---|---|---|
| 001 | 0017976 | ||
| 005 | 20230307090803.7 | ||
| 020 | |a 80-225-1876-X | ||
| 041 | 0 | |a slo | |
| 044 | |a SK | ||
| 245 | 1 | 0 | |a Študijný program Podnikovohospodárskej fakulty v Košiciach |b Ekonomická univerzita v Bratislave |c [zostavili: Juraj Neufeld, Elena Kordošová] |
| 264 | 1 | |a Bratislava |b Ekonóm |c 2004 | |
| 300 | |a 57 s. | ||
| 610 | 2 | 0 | |a programy študijné |
| 610 | 2 | 0 | |a univerzity |
| 610 | 2 | 0 | |a vzdelávanie vysokoškolské |
| 700 | 1 | |a Neufeld, Juraj, 1946- | |
| 700 | 1 | |a Kordošová, Elena | |
| 710 | 2 | |a Ekonomická univerzita v Bratislave. Podnikovohospodárska fakulta so sídlom v Košiciach | |